Statistics relating to India's foreign trade, 1948-1949 to 1959-1960 (Record no. 77612)

MARC details
000 -LEADER
fixed length control field 00798nam a22002411 4500
001 - CONTROL NUMBER
control field sa 68000989
003 - CONTROL NUMBER IDENTIFIER
control field DLC
005 - DATE AND TIME OF LATEST TRANSACTION
control field 20260227112429.0
008 - FIXED-LENGTH DATA ELEMENTS--GENERAL INFORMATION
fixed length control field 711108s1967 ii b 00010 eng
010 ## - LIBRARY OF CONGRESS CONTROL NUMBER
LC control number sa 68000989
025 ## - OVERSEAS ACQUISITION NUMBER
Overseas acquisition number PL480:I-E-8596
043 ## - GEOGRAPHIC AREA CODE
Geographic area code a-ii---
050 0# - LIBRARY OF CONGRESS CALL NUMBER
Classification number HF3786.5
Item number .T45
082 ## - DEWEY DECIMAL CLASSIFICATION NUMBER
Classification number 382/.0954
100 10 - MAIN ENTRY--PERSONAL NAME
Personal name Thanawala, Kishor H.,
Dates associated with a name 1934-
245 10 - TITLE STATEMENT
Title Statistics relating to India's foreign trade, 1948-1949 to 1959-1960
Statement of responsibility, etc. [by] Kishor H. Thanawala.
260 0# - PUBLICATION, DISTRIBUTION, ETC.
Place of publication, distribution, etc. Bombay,
Name of publisher, distributor, etc. Popular Prakashan
Date of publication, distribution, etc. [1967]
300 ## - PHYSICAL DESCRIPTION
Extent 117 p.
Dimensions 18 x 26 cm.
350 ## - PRICE (NR) (BK AM CF MU VM SE) [OBSOLETE]
Price Rs25
500 ## - GENERAL NOTE
General note Based on statistics originally collected by the author for his Ph. D. dissertation, University of Bombay, 1961.
504 ## - BIBLIOGRAPHY, ETC. NOTE
Bibliography, etc. note Includes bibliographical references.
651 #0 - SUBJECT ADDED ENTRY--GEOGRAPHIC NAME
Geographic name India
General subdivision Commerce.

No items available.

Powered by Koha